00936nam a2200253 i 450000100060000000300090000600500170001500700030003200800410003502000180007604000220009408000220011610000230013824501580016126000600031930000210037949000320040050400300043265100450046270000250050771000850053283000320061785200330064942577ES-MaACL20251009190533.0t|030407s2002 sp ||||0| spa j a84-932414-2-3 aM-BN bspa cM-BN a327(460-32:8=134)1 aFreres, Christian.14aLas comunidades autónomas españolas y América Latina b: una nueva dimensión de la conexión iberoamericana / cChristian Freres y Antonio Sanz. aMadrid : bA.V. Sociedad Editorial Síntesis, c[2002] a76 p. ; c21 cm.1 aDocumento AIETI ; v01/2002 aBibliografía: p. 56-58. 4aEspaña-xRelaciones-zAmérica Latina1 aSanz Trillo, Antonio2 aAsociación de Investigación y Especialización sobre Temas Iberoamericanos.0 aDocumento AIETI ; v01/2002 aES-MaACLjL-26221 bR.131713